MDQL
is popping MORE tags! Check the
thread
!
Quizzes
Events
Quiz Creation
Community
Videos
Private Events
Remove Ads
Sign In
Join for FREE
Feedback
Dark Mode
Quiz Categories
Sports
Geography
Music
Movies
Television
Just For Fun
Miscellaneous
History
Literature
Language
Science
Gaming
Entertainment
Religion
Holiday
For Kids
Quiz Lab
Recent
Popular Today
Quiz Kudos Today
Editor Picks
Curator Picks
Quizzes by...
Day
Popularity
Type
Ratings
Length
Year
Community
Subscriptions
Recent Discussions
Orange Saloon
Badges
Playlists
Quests
Create
Leaderboards
Showdown
Live 5
Trivia Bingo
Activity
Puzzle Library
Sporcle Events
Private Events
Virtual Trivia
Globe League
Become a Host
Pub Owners
SporcleCon
Opinionation
Our Games
Videos
Blog
Mobile Apps
Partnerships
Remove Ads and Go Orange
Feedback
Television
TV Characters
TV Show
Sitcom
Network
Friends
Reality Shows
Cast
South Park
Star Trek
The Simpsons
Doctor Who
Television
TV Characters
TV Show
Sitcom
Network
Friends
Reality Shows
Cast
South Park
Star Trek
The Simpsons
Doctor Who
Random Quiz
Search Sporcle
×
Quiz Lab
Quiz Lab
Television
Role
Type in answers that appear in a list
Type in answers that appear in a list
Classic
Best Score? Go Orange.
Lost characters based on other parts Stats
Can you name the LOST characters based on the actors' other roles?
By
aspmets
9m
18 Questions
374 Plays
374 Plays
374 Plays
Comments
Comments
Give Quiz Kudos
Give Quiz Kudos
-
- Ratings
hide this ad
Forced Order
Answers have to be entered in order
Answers have to be entered in order
Replay
Link that replays current quiz
Next Quiz
Link to next quiz in quiz playlist
You Got
0%
They Got
Avg Score
35%
Avg Friend Score
Upgrade to see
Score Distribution
Jump to the score distribution portion of the page
Score
0/18
Timer
09:00
0
Plays Today
Actors' Other Roles
LOST Character Name
% Correct
Charlie Salinger
Jack Shephard
65.5%
Erica Evans
Juliet Burke
63.6%
Simon Campos
Charlie Pace
60.7%
Damon Salvatore
Boone Carlyle
57.5%
Olivia Benford
Penelope Widmore
53.5%
F.B.I. Asst. Director Kendall
John Locke
40.6%
Drug Dealer
Hugo Reyes
35.6%
Turanga Leela
Helen Norwood
34.2%
Augustus Hill
Michael Dawson
33.7%
Actors' Other Roles
LOST Character Name
% Correct
Phillip Broyles
Matthew Abaddon
29.4%
Agent Tom Baker
Jin Kwon
28.9%
Kellie Newmark
Libby Smith
27.5%
Batmanuel
Richard Alpert
21.7%
Mac
Aldo
20.6%
Michelle Dessler
Amy Goodspeed
19.3%
Bob Warner
Christian Shephard
17.6%
Dr. Jack Kayson
Bernard Nadler
14.7%
John Ellis
Charles Widmore
13.4%
Quiz Playlist
Details
Report
Send in Message
Add To Playlist
Classic:
Type in answers that appear in a list
Forced Order:
Answers have to be entered in order
Last Updated: Feb 16, 2017
Quiz Scoreboard
CHALLENGE
Sign Up to Join the Scoreboard
Show All
Scores
Hide
Comments
May contain spoilers
Recently Published
Find the 'City' Movie
by crazypaving
Movies
60s
5x2 Blitz: Bands
by SL_Kpop136
Music
30s
Colored Red Africa Blitz
by spor1
Geography
30s
More to Explore
Quiz From the Vault
Featured Blog Post
14 Easter Pick-up Lines to Find Eggs With
hide this ad
You Might Also Like...
Tags
Actor Quiz
Role Quiz
Character
Lost (ABC)
program
Today's Top Quizzes in Television
Browse Television
hide this ad
Today's Top Quizzes in Role
Browse Role
Top Contributed Quizzes in Television
1
Survivor Journey Challenge
2
Brooklyn Nine Nine Logic Puzzle (How-To-Play)
3
Phoebe Buffay Quotes
4
One Tree Hill Logic Puzzle
5
Survivor Logic Puzzle: Heroes vs. Villains
6
Survivor Trivia
7
Game of Thrones: Tywin Lannister Start to Finish
8
All US Survivor Seasons in Order
9
Emmerdale Characters (from August 2012)
10
Survivor Trivia #6: Criteria Quiz!
Explore More
Trending Topics
Harry Potter
Disney
Kpop
Anime
Marvel
Crossword
NBA
Puzzle
Pokémon
Country
Soccer
Song
WWE
The Office
NFL
hide this ad
More By:
aspmets
Quiz
Plays
Rating
Category
Featured
Created
Profile: Sheldon Cooper
97,036
3.76
Television
Apr 16, 2010
Futurama A-Z
3,775
3.80
Television
Oct 22, 2010
Name that LOST character
2,185
4.38
Television
Feb 15, 2010
Hometowns of D2: Mighty Ducks Characters
1,889
4.25
Movies
Dec 30, 2009
It's Always Sunny In Philadelphia Trivia
1,745
4.25
Television
Dec 1, 2009
Go to Creator's Profile
Score Distribution
Quiz Creator Spotlight
aspmets
Follow
Send a Message
Quizzes Created
-
Created Quiz Play Count
-
More By This Creator
Popular Quizzes Today
1
Colored Red Africa Blitz
2
Find the 'City' Movie
3
5x2 Blitz: Bands
4
Find the US States - No Outlines Minefield
5
The Countries of the World
6
Find the US States
7
US States
8
9x9 Crossword: Cartoon Network
More Television Quizzes
Click the SpongeBob SquarePants Locations
Editor's Pick
Trending Quizzes
Colored Red Europe Blitz I
Colored Red Africa Blitz II
Colored Red Africa Blitz III
Colored Red Europe Blitz III
Colored Red Europe Blitz II
Recently Updated
Champions League XIs: Real Madrid
pecheneg
Largest US Cities 1790-2010
pecheneg
Rides in Walt Disney World
pecheneg
Most Oscar Losses (Acting)
pecheneg
Beyoncé Albums
pecheneg
Leaping Animals
pecheneg
Reality TV Shows (A-Z)
bhenderson79
Rickey Henderson's Hall of Fame Teammates
pecheneg
Champions League XIs: Arsenal
pecheneg
Quick Pick: Celebrities in WWE's Hall of Fame
aduchscher
Trending Topics
Marvel
Crossword
Harry Potter
Anime
Kpop
NBA
Disney
The Office
Song
Country
Puzzle
WWE
NFL
Pokémon
Soccer
Your Account Isn't Verified!
In order to create a playlist on Sporcle, you need to verify the email address you used during registration. Go to your
Sporcle Settings
to finish the process.
Report this User
Report this user for behavior that violates our
Community Guidelines
.
Details:
Send Report
Go to the Sporcle.com Mobile Site →
Comments